[Event "Almansa op-B 12th"]
[Site "Almansa"]
[Date "2017.08.04"]
[Round "7"]
[White "Guillen Beltran, Juan"]
[Black "Villodre Miranda, Juan Alonso"]
[Result "1-0"]
[WhiteElo "1801"]
[BlackElo "1608"]
[PlyCount "27"]
[EventDate "2017.08.01"]
[EventType "swiss"]
[EventRounds "9"]
[EventCountry "ESP"]
[SourceTitle "EXT 2019"]
[Source "ChessBase"]
[SourceDate "2018.10.10"]
[SourceVersion "1"]
[SourceVersionDate "2018.10.10"]
[SourceQuality "1"]

1. e4 e6 2. d4 d5 3. Nd2 f5 4. exf5 exf5 5. Ngf3 Nf6 6. Ne5 Bd6 7. Ndf3 0-0 8. Bd3 Ne4 9. 0-0 Nd7 10. c4 c6 11. Qb3 Bxe5 12. cxd5 Bxh2+ 13. Kxh2 Qc7+ 14. d6+ 1-0

[Event "Almansa op-B"]
[Site "Almansa"]
[Date "2014.08.08"]
[Round "6"]
[White "Guillen Beltran, Juan"]
[Black "Boj Marques, Javier"]
[Result "1/2-1/2"]
[WhiteElo "1755"]
[BlackElo "1950"]
[PlyCount "53"]
[EventDate "2014.08.05"]
[EventType "swiss"]
[EventRounds "9"]
[EventCountry "ESP"]
[SourceTitle "EXT 2019"]
[Source "ChessBase"]
[SourceDate "2018.10.10"]
[SourceVersion "1"]
[SourceVersionDate "2018.10.10"]
[SourceQuality "1"]

1. e4 e5 2. Nf3 Nc6 3. Bc4 Bc5 4. Nc3 d6 5. Na4 Bb6 6. Nxb6 axb6 7. d4 exd4 8. Nxd4 Nxd4 9. Qxd4 Qf6 10. Be3 Qxd4 11. Bxd4 f6 12. 0-0 Ne7 13. f4 Nc6 14. Bc3 Na5 15. Bb5+ Bd7 16. Bxd7+ Kxd7 17. Bxa5 Rxa5 18. Rfe1 Rha8 19. a3 Rb5 20. b4 Rh5 21. Re3 f5 22. exf5 Rxf5 23. g3 Rf7 24. Kf2 Re7 25. Rxe7+ Kxe7 26. Re1+ Kd7 27. Re3 1/2-1/2

[Event "Almansa op-B"]
[Site "Almansa"]
[Date "2014.08.06"]
[Round "3"]
[White "Guillen Beltran, Juan"]
[Black "Garcia Ruano, Juan Carlos"]
[Result "1-0"]
[WhiteElo "1755"]
[BlackElo "1930"]
[PlyCount "115"]
[EventDate "2014.08.05"]
[EventType "swiss"]
[EventRounds "9"]
[EventCountry "ESP"]
[SourceTitle "EXT 2019"]
[Source "ChessBase"]
[SourceDate "2018.10.10"]
[SourceVersion "1"]
[SourceVersionDate "2018.10.10"]
[SourceQuality "1"]

1. e4 c5 2. Nf3 Nc6 3. d4 cxd4 4. Nxd4 d6 5. Nc3 Nf6 6. Bc4 g6 7. h3 Bg7 8. Be3 0-0 9. 0-0 Bd7 10. Qd2 a6 11. a3 Rc8 12. Be2 Nxd4 13. Bxd4 Bc6 14. f3 e5 15. Be3 d5 16. exd5 Nxd5 17. Nxd5 Qxd5 18. Qxd5 Bxd5 19. c3 Bb3 20. Bd1 Bc4 21. Re1 Rfd8 22. Bc2 f5 23. Rad1 Kf7 24. Bb6 Rxd1 25. Rxd1 Ke6 26. b3 Bd5 27. c4 Bc6 28. Re1 Bf8 29. Bd4 Bxa3 30. Bxe5 Kf7 31. Bc3 Bc5+ 32. Kf1 Rd8 33. b4 Be7 34. Bb3 Rd3 35. c5+ Kf8 36. Bg7+ Kxg7 37. Rxe7+ Kf8 38. Rf7+ Ke8 39. Be6 Re3 40. Ba2 Bb5+ 41. Kg1 Re1+ 42. Kh2 Re2 43. Bb3 Rb2 44. Be6 Bc6 45. Rxh7 Bxf3 46. Kg3 Be4 47. Kf4 Bc6 48. Ke5 Rxb4 49. Bf7+ Kd8 50. Bxg6 Bxg2 51. Bxf5 Rc4 52. h4 Rxc5+ 53. Kf4 Bf1 54. Rxb7 Be2 55. Kg5 a5 56. Ra7 Bd3 57. Rd7+ Ke8 58. Rxd3 1-0